000 01124nam a22003617a 4500
003 CHAP
005 20220329133001.0
008 971013s1990 r 00010 d
010 _a939
011 _a1911
035 _a1096
040 _cCHAP
090 _aTesis
100 0 0 _aOrtiz Catón, Andrés.
_983947
245 _aRecarga artificial de acuíferos
260 _aChapingo, Méx. :
_bEl autor,
_c1990
300 _a55 h.
_b: ilus.
500 _a39-174
502 _aTesis (Ing. Agr. Esp. en Irrigación) -- UACH. Departamento de Irrigación
590 _aALEPH
_b10
_c20130110
_lUCH01
_h1206
590 _aBATCH-UPD
_b10
_c20130110
_lUCH01
_h1123
590 _aBATCH-UPD
_b10
_c20130410
_lUCH01
_h0713
590 _aBATCH-UPD
_b10
_c20130914
_lUCH01
_h0308
590 _aBATCH-UPD
_b10
_c20130914
_lUCH01
_h1934
590 _aCONVERSION
_b10
_c20130109
_lUCH01
_h1302
650 1 4 _aAgua subterranea.
_92456
650 1 4 _aAgua
_xAlmacenamiento.
_92279
650 1 4 _aPozos.
_991207
650 1 4 _aRecarga de aguas subterráneas.
_994980
901 _aBK
942 _cTESIS
949 _bBC
_cTES
_d-10560
_eTS1
_h23136
_i1096
_si
999 _c939
_d939